{"text_format":"3","workbook":"xlsx","n_sheets":1,"sheets":["t244"],"read":"whole","date_system":"1900"}

{"sheet":"t244","index":0,"n_rows":173,"n_cols":7,"rows_kept":173,"merged":[[0,0,0,6],[30,0,30,5],[47,0,47,5],[152,0,152,5]]}
["TABELA 244.1 - Estatísticas Agrícolas, Município de Ipuã, Estado de São Paulo, 2007/08."]
["ITEM","UNIDADE","N.DE UPAs","MÍNIMO","MÉDIO","MÁXIMO","TOTAL"]
["Distância à sede do município","km",395,0.1,{"v":8.14,"d":"8.1"},{"v":27,"d":"27.0"},"-"]
["Área total","hectare",395,1.8,{"v":115.89,"d":"115.9"},{"v":1539.1,"d":"1,539.1"},{"v":45776.3,"d":"45,776.3"}]
["Área com cultura perene","hectare",1,0.3,0.3,0.3,0.3]
["Área com cultura temporária","hectare",376,0.1,{"v":101.59,"d":"101.6"},{"v":1450.2,"d":"1,450.2"},{"v":38196.5,"d":"38,196.5"}]
["Área com pastagem","hectare",140,0.5,{"v":21.86,"d":"21.9"},611.7,{"v":3059.8,"d":"3,059.8"}]
["Área com reflorestamento","hectare",2,1.5,{"v":5.25,"d":"5.3"},{"v":9,"d":"9.0"},10.5]
["Área com vegetação natural","hectare",181,0.1,{"v":10.68,"d":"10.7"},{"v":224,"d":"224.0"},{"v":1932.8,"d":"1,932.8"}]
["Área com vegetação de brejo e várzea","hectare",34,0.4,{"v":18.14,"d":"18.1"},147.5,616.9]
["Área em descanso","hectare",63,0.2,4.3,14.5,270.6]
["Área complementar","hectare",288,0.1,{"v":5.86,"d":"5.9"},174.5,{"v":1688.9,"d":"1,688.9"}]
["Área das UPAs com (0, 1] ha","hectare","-","-","-","-","-"]
["Área das UPAs com (1, 2] ha","hectare",2,1.8,1.9,{"v":2,"d":"2.0"},3.8]
["Área das UPAs com (2, 5] ha","hectare",14,2.5,{"v":3.93,"d":"3.9"},{"v":5,"d":"5.0"},{"v":55,"d":"55.0"}]
["Área das UPAs com (5, 10] ha","hectare",24,5.6,{"v":7.89,"d":"7.9"},{"v":10,"d":"10.0"},189.3]
["Área das UPAs com (10, 20] ha","hectare",64,10.8,{"v":16.15,"d":"16.2"},{"v":20,"d":"20.0"},{"v":1033.8,"d":"1,033.8"}]
["Área das UPAs com (20, 50] ha","hectare",106,20.1,{"v":32.85,"d":"32.9"},48.8,{"v":3482.3,"d":"3,482.3"}]
["Área das UPAs com (50, 100] ha","hectare",65,50.6,{"v":68.75,"d":"68.8"},97.3,{"v":4468.6,"d":"4,468.6"}]
["Área das UPAs com (100, 200] ha","hectare",55,100.4,{"v":136.57,"d":"136.6"},198.4,{"v":7511.3,"d":"7,511.3"}]
["Área das UPAs com (200, 500] ha","hectare",45,200.8,277.5,485.3,{"v":12487.4,"d":"12,487.4"}]
["Área das UPAs com (500, 1.000] ha","hectare",14,502.6,{"v":635.35,"d":"635.4"},{"v":788,"d":"788.0"},{"v":8894.9,"d":"8,894.9"}]
["Área das UPAs com (1.000, 2.000] ha","hectare",6,{"v":1043.5,"d":"1,043.5"},{"v":1274.98,"d":"1,275.0"},{"v":1539.1,"d":"1,539.1"},{"v":7649.9,"d":"7,649.9"}]
["Área das UPAs com (2.000, 5.000] ha","hectare","-","-","-","-","-"]
["Área das UPAs com (5.000, 10.000] ha","hectare","-","-","-","-","-"]
["Área das UPAs acima de 10.000 ha","hectare","-","-","-","-","-"]
["Familiares do proprietário que trabalham na UPA","unidade",290,{"v":1,"d":"1.0"},1.3,{"v":6,"d":"6.0"},{"v":376,"d":"376.0"}]
["Trabalhadores permanentes","unidade",113,{"v":1,"d":"1.0"},{"v":9.05,"d":"9.1"},{"v":150,"d":"150.0"},{"v":1023,"d":"1,023.0"}]
["Fonte: Secretaria de Agricultura e Abastecimento, CDRS/IEA, Projeto LUPA."]
[]
["TABELA 244.2 - Explorações Animais, Município de Ipuã, Estado de São Paulo, 2007/08."]
["ITEM","UNIDADE","N.DE UPAs","MÍNIMO","MÉDIO","MÁXIMO","TOTAL"]
["Asininos E Muares","cabeças",1,{"v":1,"d":"1.0"},{"v":1,"d":"1.0"},{"v":1,"d":"1.0"},{"v":1,"d":"1.0"}]
["Avestruzes e Ema (Criadouro)","cabeças",1,{"v":20,"d":"20.0"},{"v":20,"d":"20.0"},{"v":20,"d":"20.0"},{"v":20,"d":"20.0"}]
["Avicultura de Corte","cabeças/ano",9,{"v":24000,"d":"24,000.0"},{"v":170333.33,"d":"170,333.3"},{"v":300000,"d":"300,000.0"},{"v":1533000,"d":"1,533,000.0"}]
["Bovinocultura de Corte","cabeças",15,{"v":10,"d":"10.0"},{"v":47.27,"d":"47.3"},{"v":145,"d":"145.0"},{"v":709,"d":"709.0"}]
["Bovinocultura Leiteira","cabeças",11,{"v":1,"d":"1.0"},{"v":27.27,"d":"27.3"},{"v":168,"d":"168.0"},{"v":300,"d":"300.0"}]
["Bovinocultura Mista","cabeças",93,{"v":3,"d":"3.0"},{"v":41.45,"d":"41.5"},{"v":800,"d":"800.0"},{"v":3855,"d":"3,855.0"}]
["Caprinocultura","cabeças",4,{"v":7,"d":"7.0"},{"v":81.75,"d":"81.8"},{"v":300,"d":"300.0"},{"v":327,"d":"327.0"}]
["Equinocultura","cabeças",31,{"v":1,"d":"1.0"},{"v":20.35,"d":"20.4"},{"v":412,"d":"412.0"},{"v":631,"d":"631.0"}]
["Helicicultura","viveiros",2,{"v":1,"d":"1.0"},{"v":8,"d":"8.0"},{"v":15,"d":"15.0"},{"v":16,"d":"16.0"}]
["Outra Exploração Animal","cabeças",1,{"v":10,"d":"10.0"},{"v":10,"d":"10.0"},{"v":10,"d":"10.0"},{"v":10,"d":"10.0"}]
["Ovinocultura","cabeças",8,{"v":3,"d":"3.0"},{"v":69.63,"d":"69.6"},{"v":400,"d":"400.0"},{"v":557,"d":"557.0"}]
["Piscicultura","m² tanques",4,{"v":800,"d":"800.0"},{"v":2975,"d":"2,975.0"},{"v":5000,"d":"5,000.0"},{"v":11900,"d":"11,900.0"}]
["Suinocultura","cabeças",29,{"v":1,"d":"1.0"},{"v":46.41,"d":"46.4"},{"v":661,"d":"661.0"},{"v":1346,"d":"1,346.0"}]
["Fonte: Secretaria de Agricultura e Abastecimento, CDRS/IEA, Projeto LUPA."]
[]
["TABELA 244.3 -  Máquinas, Implementos e Benfeitorias, Município de Ipuã, Estado de São Paulo, 2007/08."]
["ITEM","UNIDADE","N.DE UPAs","MÍNIMO","MÉDIO","MÁXIMO","TOTAL"]
["Arado Comum (Bacia, Aiveca)","Unidade",49,{"v":1,"d":"1.0"},{"v":1.69,"d":"1.7"},{"v":4,"d":"4.0"},{"v":83,"d":"83.0"}]
["Arado Escarificador","Unidade",4,{"v":1,"d":"1.0"},{"v":1.75,"d":"1.8"},{"v":4,"d":"4.0"},{"v":7,"d":"7.0"}]
["Arado Subsolador","Unidade",48,{"v":1,"d":"1.0"},{"v":1.25,"d":"1.3"},{"v":3,"d":"3.0"},{"v":60,"d":"60.0"}]
["Batedeira de Cereais","Unidade",2,{"v":1,"d":"1.0"},{"v":1,"d":"1.0"},{"v":1,"d":"1.0"},{"v":2,"d":"2.0"}]
["Carregadeira de Cana","Unidade",1,{"v":1,"d":"1.0"},{"v":1,"d":"1.0"},{"v":1,"d":"1.0"},{"v":1,"d":"1.0"}]
["Colhedeira Acoplada","Unidade",2,{"v":1,"d":"1.0"},{"v":1,"d":"1.0"},{"v":1,"d":"1.0"},{"v":2,"d":"2.0"}]
["Colhedeira Automotriz","Unidade",49,{"v":1,"d":"1.0"},{"v":1.43,"d":"1.4"},{"v":4,"d":"4.0"},{"v":70,"d":"70.0"}]
["Conj.Irrigação Convencional","Unidade",2,{"v":1,"d":"1.0"},1.5,{"v":2,"d":"2.0"},{"v":3,"d":"3.0"}]
["Conj.Irrigação Pivot Central","Unidade",9,{"v":1,"d":"1.0"},{"v":1.56,"d":"1.6"},{"v":4,"d":"4.0"},{"v":14,"d":"14.0"}]
["Conj.Irrigação/Gotejamento/Microaspersão","Unidade",1,{"v":1,"d":"1.0"},{"v":1,"d":"1.0"},{"v":1,"d":"1.0"},{"v":1,"d":"1.0"}]
["Conjunto de Fenação","Unidade",3,{"v":1,"d":"1.0"},{"v":1.33,"d":"1.3"},{"v":2,"d":"2.0"},{"v":4,"d":"4.0"}]
["Desintegrador, Picador, Triturador","Unidade",52,{"v":1,"d":"1.0"},{"v":1.06,"d":"1.1"},{"v":2,"d":"2.0"},{"v":55,"d":"55.0"}]
["Distribuidor de Calcário","Unidade",33,{"v":1,"d":"1.0"},{"v":1.06,"d":"1.1"},{"v":2,"d":"2.0"},{"v":35,"d":"35.0"}]
["Ensiladeira","Unidade",21,{"v":1,"d":"1.0"},{"v":1,"d":"1.0"},{"v":1,"d":"1.0"},{"v":21,"d":"21.0"}]
["Grade Aradora (Tipo Romi)","Unidade",53,{"v":1,"d":"1.0"},{"v":1.19,"d":"1.2"},{"v":2,"d":"2.0"},{"v":63,"d":"63.0"}]
["Grade Niveladora","Unidade",59,{"v":1,"d":"1.0"},{"v":1.51,"d":"1.5"},{"v":4,"d":"4.0"},{"v":89,"d":"89.0"}]
["Implementos para Tração Animal","Unidade",1,{"v":2,"d":"2.0"},{"v":2,"d":"2.0"},{"v":2,"d":"2.0"},{"v":2,"d":"2.0"}]
["Microtrator","Unidade",1,{"v":1,"d":"1.0"},{"v":1,"d":"1.0"},{"v":1,"d":"1.0"},{"v":1,"d":"1.0"}]
["Misturador de Ração","Unidade",7,{"v":1,"d":"1.0"},{"v":1,"d":"1.0"},{"v":1,"d":"1.0"},{"v":7,"d":"7.0"}]
["Ordenhadeira Mecânica","Unidade",3,{"v":1,"d":"1.0"},{"v":1,"d":"1.0"},{"v":1,"d":"1.0"},{"v":3,"d":"3.0"}]
["Pulverizador Tratorizado","Unidade",99,{"v":1,"d":"1.0"},{"v":1.31,"d":"1.3"},{"v":4,"d":"4.0"},{"v":130,"d":"130.0"}]
["Resfriador de Leite, Tanque Expansão","Unidade",6,{"v":1,"d":"1.0"},{"v":1.17,"d":"1.2"},{"v":2,"d":"2.0"},{"v":7,"d":"7.0"}]
["Semeadeira/Adubadeira para Plantio Convencional","Unidade",61,{"v":1,"d":"1.0"},{"v":1.36,"d":"1.4"},{"v":4,"d":"4.0"},{"v":83,"d":"83.0"}]
["Semeadeira/Plantadeira Plantio Direto","Unidade",60,{"v":1,"d":"1.0"},1.4,{"v":4,"d":"4.0"},{"v":84,"d":"84.0"}]
["Terraceador","Unidade",22,{"v":1,"d":"1.0"},{"v":1.09,"d":"1.1"},{"v":2,"d":"2.0"},{"v":24,"d":"24.0"}]
["Trator de Esteiras","Unidade",1,{"v":1,"d":"1.0"},{"v":1,"d":"1.0"},{"v":1,"d":"1.0"},{"v":1,"d":"1.0"}]
["Trator de Pneus","Unidade",132,{"v":1,"d":"1.0"},{"v":2.86,"d":"2.9"},{"v":11,"d":"11.0"},{"v":377,"d":"377.0"}]
["Açude/Represa","Unidade",42,{"v":1,"d":"1.0"},{"v":1.69,"d":"1.7"},{"v":13,"d":"13.0"},{"v":71,"d":"71.0"}]
["Almoxarifado/Oficina","Unidade",13,{"v":1,"d":"1.0"},{"v":1.08,"d":"1.1"},{"v":2,"d":"2.0"},{"v":14,"d":"14.0"}]
["Armazém para Grãos Ensacados","Sacas",12,{"v":1,"d":"1.0"},{"v":6667.33,"d":"6,667.3"},{"v":50000,"d":"50,000.0"},{"v":80008,"d":"80,008.0"}]
["Balança para Bovinos","Unidade",2,{"v":1,"d":"1.0"},{"v":1,"d":"1.0"},{"v":1,"d":"1.0"},{"v":2,"d":"2.0"}]
["Balança para Veículos","Unidade",4,{"v":1,"d":"1.0"},{"v":1,"d":"1.0"},{"v":1,"d":"1.0"},{"v":4,"d":"4.0"}]
["Barracão para Granja/Avicultura","Unidade",12,{"v":1,"d":"1.0"},{"v":2.33,"d":"2.3"},{"v":6,"d":"6.0"},{"v":28,"d":"28.0"}]
["Barracão/Galpão/Garagem","Unidade",120,{"v":1,"d":"1.0"},{"v":1.14,"d":"1.1"},{"v":4,"d":"4.0"},{"v":137,"d":"137.0"}]
["Casa de Moradia Habitada","Unidade",145,{"v":1,"d":"1.0"},{"v":1.48,"d":"1.5"},{"v":8,"d":"8.0"},{"v":214,"d":"214.0"}]
["Casa de Moradia Total","Unidade",191,{"v":1,"d":"1.0"},{"v":1.99,"d":"2.0"},{"v":11,"d":"11.0"},{"v":380,"d":"380.0"}]
["Curral/Mangueira","Unidade",100,{"v":1,"d":"1.0"},{"v":1.04,"d":"1.0"},{"v":3,"d":"3.0"},{"v":104,"d":"104.0"}]
["Depósito/Tulha","Unidade",29,{"v":1,"d":"1.0"},{"v":1.03,"d":"1.0"},{"v":2,"d":"2.0"},{"v":30,"d":"30.0"}]
["Engenho","Unidade",3,{"v":1,"d":"1.0"},{"v":1,"d":"1.0"},{"v":1,"d":"1.0"},{"v":3,"d":"3.0"}]
["Estábulo","Unidade",12,{"v":1,"d":"1.0"},{"v":1.17,"d":"1.2"},{"v":3,"d":"3.0"},{"v":14,"d":"14.0"}]
["Estufa/Plasticultura","m²",1,{"v":1,"d":"1.0"},{"v":1,"d":"1.0"},{"v":1,"d":"1.0"},{"v":1,"d":"1.0"}]
["Fábrica de Ração","Unidade",4,{"v":1,"d":"1.0"},{"v":1,"d":"1.0"},{"v":1,"d":"1.0"},{"v":4,"d":"4.0"}]
["Instalações para Equinos","Unidade",6,{"v":1,"d":"1.0"},{"v":3.67,"d":"3.7"},{"v":8,"d":"8.0"},{"v":22,"d":"22.0"}]
["Máquina de Benefício","Unidade",1,{"v":1,"d":"1.0"},{"v":1,"d":"1.0"},{"v":1,"d":"1.0"},{"v":1,"d":"1.0"}]
["Olaria","Unidade",1,{"v":1,"d":"1.0"},{"v":1,"d":"1.0"},{"v":1,"d":"1.0"},{"v":1,"d":"1.0"}]
["Packing House","Unidade",1,{"v":2,"d":"2.0"},{"v":2,"d":"2.0"},{"v":2,"d":"2.0"},{"v":2,"d":"2.0"}]
["Pocilga","Unidade",43,{"v":1,"d":"1.0"},{"v":1.53,"d":"1.5"},{"v":9,"d":"9.0"},{"v":66,"d":"66.0"}]
["Poço Semi-Artesiano","Unidade",7,{"v":1,"d":"1.0"},{"v":1.14,"d":"1.1"},{"v":2,"d":"2.0"},{"v":8,"d":"8.0"}]
["Secador de Grãos","Unidade",1,{"v":2,"d":"2.0"},{"v":2,"d":"2.0"},{"v":2,"d":"2.0"},{"v":2,"d":"2.0"}]
["Silo para Grãos","t",1,{"v":2280,"d":"2,280.0"},{"v":2280,"d":"2,280.0"},{"v":2280,"d":"2,280.0"},{"v":2280,"d":"2,280.0"}]
["Silo para Silagem","t",7,{"v":20,"d":"20.0"},{"v":312.14,"d":"312.1"},{"v":1200,"d":"1,200.0"},{"v":2185,"d":"2,185.0"}]
["Terreiro","m²",3,{"v":1,"d":"1.0"},{"v":183.67,"d":"183.7"},{"v":400,"d":"400.0"},{"v":551,"d":"551.0"}]
["Fonte: Secretaria de Agricultura e Abastecimento, CDRS/IEA, Projeto LUPA."]
[]
["TABELA 244.4 - Outras Estatísticas Agrícolas, Município de Ipuã, Estado de São Paulo, 2007/08."]
["ITEM","Número de UPAs",null,"Percentual"]
["Faz Parte de Associação de Produtores",33,null,{"v":8.354430379746836,"d":"8.4"}]
["Faz Parte de Cooperativa de Produtores",217,null,{"v":54.936708860759495,"d":"54.9"}]
["Faz Parte do Sindicato de Produtores",235,null,{"v":59.493670886075954,"d":"59.5"}]
["Não utiliza assistência técnica ",43,null,{"v":10.886075949367088,"d":"10.9"}]
["Utiliza somente assistência técnica governamental ",177,null,{"v":44.81012658227848,"d":"44.8"}]
["Utiliza somente assistência técnica privada ",14,null,{"v":3.5443037974683542,"d":"3.5"}]
["Utiliza assistência técnica tanto governamental quanto privada",161,null,{"v":40.75949367088607,"d":"40.8"}]
["Utiliza Crédito Rural",173,null,{"v":43.79746835443038,"d":"43.8"}]
["Utiliza Seguro Rural",20,null,{"v":5.063291139240507,"d":"5.1"}]
["Utiliza Escrituração Agrícola",284,null,{"v":71.89873417721519,"d":"71.9"}]
["Acessa Internet p/ Fins na Agropecuária",16,null,{"v":4.050632911392405,"d":"4.1"}]
["Utiliza Computador nas Atividades Agropecuárias",35,null,{"v":8.860759493670885,"d":"8.9"}]
["Utiliza Energia Elétrica Para Uso na Atividade Agrícola",193,null,{"v":48.860759493670884,"d":"48.9"}]
["Realiza Análise de Solo, quando necessário",96,null,{"v":24.30379746835443,"d":"24.3"}]
["Utiliza Práticas de Conservação de Solo, quando necessário",359,null,{"v":90.88607594936708,"d":"90.9"}]
["Faz Adubação Mineral, quando necessário",208,null,{"v":52.65822784810127,"d":"52.7"}]
["Faz Adubação Orgânica, quando necessário",10,null,{"v":2.5316455696202533,"d":"2.5"}]
["Faz Adubação Verde, quando necessário",16,null,{"v":4.050632911392405,"d":"4.1"}]
["Utiliza Manejo Integrado de Pragas (MIP)",21,null,{"v":5.3164556962025316,"d":"5.3"}]
["Utiliza Hidroponia","-",null,"-"]
["Utiliza Plasticultura",2,null,{"v":0.5063291139240507,"d":"0.5"}]
["Utiliza Mudas Fiscalizadas",18,null,{"v":4.556962025316456,"d":"4.6"}]
["Utiliza Semente Melhorada",308,null,{"v":77.9746835443038,"d":"78.0"}]
["Faz Confinamento de Bovinos",3,null,{"v":0.759493670886076,"d":"0.8"}]
["Utiliza Pastejo Intensivo",6,null,{"v":1.518987341772152,"d":"1.5"}]
["Faz Inseminação Artificial",4,null,{"v":1.0126582278481013,"d":"1.0"}]
["Faz Mineralização do Rebanho",103,null,{"v":26.075949367088608,"d":"26.1"}]
["Faz Vermifugação do Rebanho",102,null,{"v":25.82278481012658,"d":"25.8"}]
["Possui Parceiros /Arrendatários na Exploração Animal",61,null,{"v":15.443037974683545,"d":"15.4"}]
["Esporte e lazer","-",null,"-"]
["Extração mineral","-",null,"-"]
["Hotel Fazenda, Pousada ou SPA","-",null,"-"]
["Pesque-pague",2,null,{"v":0.5063291139240507,"d":"0.5"}]
["Restaurante ou Lanchonete",1,null,{"v":0.25316455696202533,"d":"0.3"}]
["Transformação artesanal","-",null,"-"]
["Turismo rural ou ecoturismo","-",null,"-"]
["Outras atividades econômicas rurais","-",null,"-"]
["Agroindústria",1,null,{"v":0.25316455696202533,"d":"0.3"}]
["Proprietário sem instrução ou com instrução incompleta",48,null,{"v":12.151898734177214,"d":"12.2"}]
["Proprietário com antigo primário completo",150,null,{"v":37.9746835443038,"d":"38.0"}]
["Proprietário com 1° grau (ou antigo ginasial) completo",33,null,{"v":8.354430379746836,"d":"8.4"}]
["Proprietário com 2° grau (ou antigo colegial) completo",73,null,{"v":18.481012658227847,"d":"18.5"}]
["Proprietário com curso superior completo ",72,null,{"v":18.227848101265824,"d":"18.2"}]
["Pessoa Jurídica",18,null,{"v":4.556962025316456,"d":"4.6"}]
["Proprietário residente na própria UPA ",33,null,{"v":8.354430379746836,"d":"8.4"}]
["Fonte: Secretaria de Agricultura e Abastecimento, CDRS/IEA, Projeto LUPA."]
[]
["TABELA 244.5 - Área Cultivada, Município de Ipuã, Estado de São Paulo, 2007/08."]
["CULTURA","N.DE UPAs","MÍNIMO","MÉDIO","MÁXIMO","TOTAL"]
["Cana-de-acucar",291,0.1,{"v":109.97,"d":"110.0"},{"v":1363.2,"d":"1,363.2"},{"v":32002.5,"d":"32,002.5"}]
["Soja",134,{"v":1,"d":"1.0"},{"v":87.76,"d":"87.8"},{"v":1450,"d":"1,450.0"},{"v":11759.8,"d":"11,759.8"}]
["Milho",43,0.6,{"v":58.47,"d":"58.5"},{"v":430,"d":"430.0"},{"v":2514.3,"d":"2,514.3"}]
["Braquiaria",130,0.5,18.5,277.2,{"v":2405.1,"d":"2,405.1"}]
["Milho Safrinha",15,{"v":5,"d":"5.0"},{"v":79.68,"d":"79.7"},{"v":400,"d":"400.0"},{"v":1195.2,"d":"1,195.2"}]
["Sorgo",13,{"v":7,"d":"7.0"},{"v":84.53,"d":"84.5"},{"v":650,"d":"650.0"},{"v":1098.9,"d":"1,098.9"}]
["Outras gramineas para pastagem",1,611.7,611.7,611.7,611.7]
["Feijao",3,36.3,{"v":58.77,"d":"58.8"},{"v":90,"d":"90.0"},176.3]
["Gramas",5,2.4,{"v":5,"d":"5.0"},9.8,{"v":25,"d":"25.0"}]
["Capim-jaragua",1,{"v":12,"d":"12.0"},{"v":12,"d":"12.0"},{"v":12,"d":"12.0"},{"v":12,"d":"12.0"}]
["Eucalipto",2,1.5,{"v":5.25,"d":"5.3"},{"v":9,"d":"9.0"},10.5]
["Coloniao",3,{"v":1,"d":"1.0"},{"v":2,"d":"2.0"},{"v":3,"d":"3.0"},{"v":6,"d":"6.0"}]
["Mandioca",2,{"v":1,"d":"1.0"},2.3,3.6,4.6]
["Arroz",1,{"v":3,"d":"3.0"},{"v":3,"d":"3.0"},{"v":3,"d":"3.0"},{"v":3,"d":"3.0"}]
["Jilo",1,0.5,0.5,0.5,0.5]
["Alface",1,0.3,0.3,0.3,0.3]
["Coco-da-baia",1,0.3,0.3,0.3,0.3]
["Berinjela",1,0.2,0.2,0.2,0.2]
["Fonte: Secretaria de Agricultura e Abastecimento, CDRS/IEA, Projeto LUPA."]